000 00259nam a22001097a 4500
008 230703b xxu||||| |||| 00| 0 eng d
082 _a342.689
_bROM
245 _aThe Constitution of the republic of malawi
260 _c1999
300 _a94p
942 _2ddc
_cBK
999 _c3478
_d3478